[Event "5th Nebesna Sotnya Blitz 2018"]
[Site "Lutsk"]
[Date "2018.02.16"]
[Round "12"]
[White "Khaetsky, Roman"]
[Black "Ianov, Viktor"]
[Result "0-1"]
[WhiteElo "2381"]
[BlackElo "2292"]
[Annotator "TA"]
[PlyCount "70"]
[EventDate "2018.??.??"]
[EventType "swiss"]
[EventCountry "UKR"]
[SourceTitle "playchess.com"]
[Source "ChessBase"]
[SourceQuality "1"]

{[%evp 14,70,48,22,51,42,47,53,46,34,41,25,48,56,50,43,70,10,10,0,0,-16,29,-120,-81,-89,-62,-65,-69,-76,-56,-63,-76,-350,-358,-358,-334,-353,-356,-337,-250,-253,-243,-310,-313,-293,-267,-306,-37,-56,-58,-252,-53,-49,139,-302,-125,-999,-992]} 1. e4 d6 2. d4 Nf6 3. Nc3 c6 4. a4 g6 5. g3 Nbd7 (5... a5 6. Bg2 Na6 7. Nge2 Bg7 8. O-O Nb4 9. h3 O-O 10. Be3 e5 11. g4 h5 12. g5 Nd7 13. h4 d5 14. exd5 cxd5 15. f4 exf4 16. Nxf4 Nb6 17. Nce2 Re8 18. Bf2 Bf5 {1-0 (38) Vitiugov,N (2703)-Wang,H (2739) St Petersburg 2012}) 6. Bg2 {B07: Pirc-Ufimzew-Verteidigung} e5 7. Nge2 Bg7 8. h3 {LiveBook: 5 Partien. Weiß steht etwas besser.} h5 9. Be3 O-O 10. O-O b6 $146 {[%cal Bb7b6,Bb6b5,Bb5b4][%mdl 32]} ({Vorgänger:} 10... h4 11. g4 exd4 12. Bxd4 Qa5 13. f4 g5 14. fxg5 Qxg5 {1-0 (33) Hirn,O-Schroll,R Germany 1992}) 11. Qd2 Bb7 12. Rad1 a6 13. f4 b5 14. dxe5 dxe5 15. f5 (15. Qd6 $14 Bh6 16. b4) 15... b4 $11 16. Na2 c5 17. Qd3 Qc7 18. Qc4 (18. fxg6 $11 a5 19. gxf7+ Rxf7 20. b3) 18... gxf5 19. Rxf5 Rfc8 20. Bg5 {[#] zielt auf Txd7 ab.} Nb6 21. Qb3 $1 Nxe4 22. a5 Nxg5 {[%cal Be4g5,Bg5e6,Be6d4][%mdl 32]} 23. axb6 $4 {[%mdl 8192]} (23. Bxb7 $17 {kämpft weiter.} Qxb7 24. Rxg5) 23... Qxb6 $19 24. Qe3 Bxg2 25. Kxg2 Qc6+ 26. Kh2 Ne6 27. Rdf1 Rc7 28. Ng1 e4 29. Rxh5 Rd8 30. Nc1 Qd6 $2 (30... a5 $19 {Und ...Td5 würde nun gewinnen.} 31. Nge2 a4) 31. Nce2 Nd4 32. Rg5 $2 (32. Nf4 $15) 32... f5 $2 (32... Qh6 $19 {Droht ...Se6 und aus.} 33. h4 Ne6 34. Rxg7+ Qxg7 35. Qxe4 Qxb2) 33. Nf4 $15 Qh6 $2 (33... Rf7 $15 34. Rf2 Kf8) 34. Nh5 $2 {[%mdl 8192]} (34. Rg6 $16 {bleibt auf Kurs.} Qh7 35. Rg5) 34... Kh8 $19 {[#] Und weiter mit ...Se6 wäre nett.} ({Schwächer ist} 34... Nxc2 35. Qf4 $11) 35. Qf4 $2 {[%mdl 8192]} (35. h4 $17) 35... Ne6 {Precision: Weiß = 24%, Schwarz = 52%.} 0-1

[Event "5th Nebesna Sotnya Blitz 2018"]
[Site "Lutsk"]
[Date "2018.02.16"]
[Round "12"]
[White "Razin, Vadim"]
[Black "Budnikov, Oleg"]
[Result "1-0"]
[WhiteElo "2379"]
[BlackElo "2422"]
[Annotator "TA"]
[PlyCount "319"]
[EventDate "2018.??.??"]
[EventType "swiss"]
[EventCountry "UKR"]
[SourceTitle "playchess.com"]
[Source "ChessBase"]
[SourceQuality "1"]

{[%evp 18,319,53,56,71,80,163,160,210,201,205,205,203,207,206,203,202,205,189,197,218,210,214,223,216,207,237,237,234,224,269,242,243,226,210,162,158,156,151,151,178,151,191,191,206,191,195,189,172,167,221,202,206,211,221,0,200,206,186,205,197,199,199,188,194,0,172,160,233,105,103,102,158,96,99,89,99,85,85,91,167,47,47,21,26,33,32,27,32,31,33,28,143,142,208,0,0,0,263,252,241,240,220,229,245,155,108,25,28,16,83,48,125,0,8,-58,8,8,41,41,48,48,48,48,48,49,52,8,21,22,24,8,4136,4136,4136,4136,4136,2587,4136,4136,4136,4136,4136,4136,4136,4136,4129,4129,1798,927,4129,4129,4129,4129,29980,29981,29986,29972,29975,29977,29977,29978,29977,29978,29976,29977,29977,29977,29977,29977,29978,29973,29974,29976,29975,29978,29977,29977,29980,29980,29980,29979,29980,29978,29980,29974,29977,29976,29976,29969,29973,0,29976,0,29979,29977,29980,29981,29981,29980,29982,29978,29979,29977,29977,0,29978,29974,29973,29975,29984,29985,29985,29986,29986,29981,29985,29980,29981,8,8,8,8,8,8,8,8,8,8,8,8,8,3663,8,8,8,8,8,8,8,8,8,8,8,8,8,8,8,8,0,0,0,8,8,8,8,8,8,8,0,0,0,0,0,0,0,0,0,0,0,0,0,0,0,0,0,0,0,0,0,0,0,0,0,0,0,0,0,0,0,0,0,0,0,0,0,0,0,0,0,0,0,0,0]} 1. d4 Nf6 2. Nf3 e6 3. c4 d5 4. Nc3 c6 5. Bg5 Nbd7 6. e3 Be7 7. Qc2 O-O 8. Rd1 a6 9. a3 dxc4 {D61: Queen's Gambit Declined: Classical: 7 Qc2} (9... b5 10. c5 Nh5 11. Bxe7 Qxe7 12. Be2 f5 13. Ne5 Nxe5 14. dxe5 Qg5 15. g3 f4 16. exf4 Nxf4 17. gxf4 Rxf4 {½-½ (69) Karavade,E (2415)-Melkumyan,H (2650) Abu Dhabi 2016}) 10. Bxc4 {LiveBook: 3 Games} b5 11. Ba2 c5 $146 (11... h6 $16 {keeps fighting.}) ({Predecessor:} 11... Bb7 12. Bb1 g6 13. h4 {1-0 (30) Greenfeld,A (2535)-Djuric,S (2535) Rishon Le Ziyyon 1992}) 12. dxc5 $1 $18 Bxc5 13. Bb1 g6 14. Bxf6 Qxf6 15. Ne4 Qe7 {[#]} 16. Rxd7 $1 {[%mdl 512]} Bxd7 17. Qxc5 Qxc5 18. Nxc5 Rfc8 19. b4 (19. Nxd7 Rc1+ 20. Ke2 Rxh1 $15) 19... a5 20. O-O Be8 21. Be4 Ra7 22. Rd1 axb4 23. axb4 Kg7 24. h3 Ra2 25. Nd4 Rb2 26. Rb1 Rxb1+ 27. Bxb1 e5 28. Ndb3 Ra8 29. Na5 Rd8 {Strongly threatening ...Rd1+.} 30. Bd3 Kf6 31. Kf1 Ke7 32. Ke2 f5 33. f3 h5 (33... Ra8 $142 34. g3 Kf6) 34. h4 Kf6 35. Nab7 Ra8 36. Na5 $2 (36. Nd6 $18) 36... g5 $2 (36... Rd8 $1 $11) 37. hxg5+ Kxg5 38. Ne6+ Kf6 39. Nc7 Rb8 40. Nd5+ Ke6 41. Nc7+ Kf6 42. e4 f4 (42... fxe4 $16 {was worth a try.} 43. Bxe4 Rc8) 43. Na6 (43. Nxe8+ $18 Rxe8 44. Nc6 (44. Bxb5 Rb8 $16)) 43... Rc8 44. Nc5 Rb8 (44... Ke7 $142 45. Kd1 h4) 45. Ncb3 (45. Bc2 $142) 45... Ke7 46. Kd2 Rb6 47. Nc1 Rg6 48. Bf1 h4 (48... Kf6 $16) 49. Na2 (49. Ke2 $18) 49... Rg3 $1 $14 50. Ke2 h3 51. gxh3 Bh5 52. Nc3 Rxf3 53. Nd5+ Kf7 54. Ke1 Ra3 (54... Bg6 $11 {keeps the balance.}) 55. Bxb5 $16 Ra1+ (55... Bf3 $16 {was necessary.}) 56. Kf2 $2 (56. Kd2 $1 $18) 56... Ra2+ $11 57. Ke1 $2 {[%mdl 8192]} (57. Kg1 $11) 57... Ra1+ $18 58. Kd2 $1 Ra2+ 59. Kc3 {Black must now prevent Nc6.} Ra3+ 60. Kb2 Rxh3 61. Nc6 Ke6 62. Bc4 ({White should play} 62. Nd8+ $16 Kd6 63. Nb7+ Ke6 64. Bc4) 62... Kd6 $11 63. Na5 {And now Ba6 would win.} f3 (63... Bg6 $11 {remains equal.}) 64. Ne3 f2 (64... Bg6 $14) 65. Nf1 (65. Bf1 $1 $16 Rf3 66. Nec4+ Kc7 67. b5) 65... Bf3 66. Nb3 ({White should try} 66. Bd3 $11) 66... Bg2 (66... Bxe4 $15 67. Nbd2 Bg2) 67. Nbd2 Rh1 68. Kc2 Rh4 69. Kd3 Kc6 70. Ke3 Rf4 71. Bd3 Rf8 72. Nc4 Kb5 {Hoping for ...Rf3+.} 73. Nxe5+ Kxb4 74. Ng4 Bxf1 $2 {[%mdl 8192]} (74... Rf3+ $11 75. Kd4 Rxd3+ 76. Kxd3 Bxf1+ 77. Kd4 Bg2 78. Nxf2 Bxe4) 75. Bxf1 $18 Kc5 76. Nxf2 Kd6 77. Bc4 Ra8 78. Kd4 Ra5 79. Nd3 Rh5 80. e5+ Kc6 81. Bd5+ Kd7 82. Be4 Rh8 83. Kd5 Ra8 84. e6+ Ke7 {[#]} 85. Ke5 $1 Rh8 86. Nf4 Rb8 87. Nd5+ Kf8 88. Kf6 Re8 89. e7+ Rxe7 90. Nxe7 Ke8 91. Ke6 Kf8 92. Nf5 Kg8 93. Kf6 Kh8 94. Kg6 Kg8 95. Bf3 Kh8 96. Kf6 Kg8 97. Ne7+ Kh8 98. Ng6+ Kg8 99. Ne5 Kh8 100. Be4 Kg8 101. Kg6 Kh8 102. Nf7+ Kg8 103. Nh6+ Kh8 104. Nf5 Kg8 105. Kf6 Kh8 106. Nh4 Kg8 107. Ng6 Kh7 108. Bd5 Kh6 109. Nf8 Kh5 110. Kf5 Kh6 111. Kf6 Kh5 112. Be6 Kh4 113. Ng6+ Kh5 114. Ne5 Kh6 115. Bf5 Kh5 116. Nf7 Kh4 117. Kg6 Kg3 118. Kg5 $2 (118. Ne5 {mates} Kf2 119. Nc4 Ke2 120. Bc2 Kf3 121. Kf5 Ke2 122. Ke4 Kf2 123. Bd1) 118... Kf3 $11 119. Be6 Ke4 120. Kf6 Kf4 121. Nd6 Ke3 122. Ke5 Kd3 123. Ne4 Kc2 124. Kd4 Kb2 {[#]} 125. Kc4 $1 Kc2 {The position is equal.} 126. Bd5 Kb2 127. Kd3 Ka3 128. Kc3 Ka4 129. Kc4 Ka3 130. Nd2 $1 Kb2 131. Kd3 Ka3 132. Kc3 Ka4 133. Bc4 Ka5 134. Nf3 Ka4 135. Ne5 Ka3 136. Nd7 Ka4 137. Nb6+ $1 Ka5 138. Nd5 Ka4 139. Ne3 Ka5 140. Kd4 Kb6 141. Kd5 Ka5 142. Kc5 Ka4 143. Nc2 Ka5 144. Nd4 Ka4 145. Nb5 Ka5 146. Bb3 {Threatening mate with Nd6.} Ka6 147. Nd6 Ka5 148. Bc2 Ka6 149. Be4 {White wants to mate with Bc6.} Ka5 150. Bc6 Ka6 151. Nb7 Ka7 152. Bd5 Ka6 153. Kc6 Ka7 154. Nc5 Kb8 155. Be6 Ka7 156. Kc7 {White threatens Bh3 and mate.} Ka8 157. Nd7 Ka7 158. Nb8 {Intending Bc8 and mate.} Ka8 159. Bc8 {Bb7+ would kill now.} Ka7 160. Nc6+ {[%mdl 32768] Precision: White = 56%, Black = 35%. . Loss on Time!?} 1-0

[Event "5th Nebesna Sotnya Blitz 2018"]
[Site "Lutsk"]
[Date "2018.02.16"]
[Round "12"]
[White "Reshetkov, Kirill"]
[Black "Matviishen, Viktor"]
[Result "0-1"]
[WhiteElo "2256"]
[BlackElo "2439"]
[Annotator "TA"]
[PlyCount "77"]
[EventDate "2018.??.??"]
[EventType "swiss"]
[EventCountry "UKR"]
[SourceTitle "playchess.com"]
[Source "ChessBase"]
[SourceQuality "1"]

{[%evp 14,77,30,29,28,33,45,58,68,49,80,98,80,85,87,77,125,102,107,93,105,28,32,-291,-293,-277,-297,-302,-287,-288,-277,-314,-282,-312,-312,-343,-305,-284,-266,-604,-437,-425,-340,-791,-757,-693,-558,-549,-536,-522,-502,-467,-408,-554,-461,-586,-430,-612,-553,-967,-493,-1222,-1235,-29991,-29992,-29999]} 1. b3 e5 2. Bb2 Nc6 3. e3 Nf6 4. Bb5 Bd6 5. Na3 a6 (5... e4 6. Nc4 Be7 7. Bxc6 dxc6 8. Ne2 O-O 9. O-O c5 10. Ng3 Re8 11. f3 exf3 12. Qxf3 Rf8 13. e4 {1-0 (31) Karjakin,S (2760)-Esipenko,A (2564) Riadh 2017}) 6. Be2 {A01: Nimzowitsch-Larsen Opening} b5 7. c4 b4 8. Nc2 {LiveBook: 4 Games. White has an edge.} Bb7 9. d4 exd4 10. exd4 Ne7 11. Nf3 Ne4 $146 ({Predecessor:} 11... a5 12. g3 Ng6 13. h4 {1-0 (33) Brunello,S (2553)-Kowalczyk,M (2038) Katowice 2017}) 12. O-O O-O 13. c5 Bf4 14. Nxb4 d6 15. Qc2 {Hoping for c6.} Nf6 16. c6 Bc8 {[#]} 17. g3 (17. d5 $1 $16) 17... Bh6 18. Bd3 $2 {[%mdl 8192]} (18. d5 $14 {keeps the upper hand.}) 18... a5 $19 19. d5 axb4 20. Bxf6 gxf6 21. Bxh7+ Kg7 {[#] And now ...f5 would win.} 22. Be4 Ra5 {[%cal Ba8a5,Ba5c5,Bc5e5,Be5e4][%mdl 32]} 23. Nd4 Nxd5 {[%cal Be7d5,Bd5c3,Bc3e2][%mdl 32]} 24. Qc4 Rc5 25. Qd3 Nc3 26. Bf5 $2 (26. Bg2) 26... Re8 27. Rfe1 Rce5 28. Rf1 $2 (28. Rxe5 dxe5 29. Nc2) 28... Ne2+ 29. Kg2 Nxd4 30. Bxc8 Qxc8 31. Qxd4 Re4 32. Qd3 Qe6 33. Kg1 d5 34. Rad1 Qxc6 35. Qf3 (35. Qxd5 $142 Qc2 36. Ra1) 35... Ra8 36. Rfe1 Qe6 37. Kf1 (37. Rxe4 $142 dxe4 38. Qe2) 37... Rxa2 38. Qd3 Qf5 {[%csl Ga2][%cal Rf5f2]} 39. Rxe4 {Precision: White = 19%, Black = 59%.} 0-1

[Event "5th Nebesna Sotnya Blitz 2018"]
[Site "Lutsk"]
[Date "2018.02.16"]
[Round "13"]
[White "Bogdanovich, Stanislav"]
[Black "Simantsev, Mikhail"]
[Result "1-0"]
[WhiteElo "2560"]
[BlackElo "2486"]
[Annotator "TA"]
[PlyCount "55"]
[EventDate "2018.??.??"]
[EventType "swiss"]
[EventCountry "UKR"]
[SourceTitle "playchess.com"]
[Source "ChessBase"]
[SourceQuality "1"]

{[%evp 21,55,28,27,6,27,29,50,47,106,91,102,57,119,106,108,108,181,99,304,304,353,325,316,316,641,411,428,427,1336,1239,2232,2245,2032,1972,29998,29999]} 1. d4 Nf6 2. c4 e6 3. Nf3 b6 4. g3 Bb7 5. Bg2 Be7 6. O-O O-O 7. Nc3 Ne4 8. Bd2 c5 9. d5 exd5 10. cxd5 Nxd2 11. Nxd2 d6 {LiveBook: 12 Partien. E18: Damenindisch (Hauptfortsetzung)} 12. Nc4 Nd7 (12... Ba6 $5 {[%cal Ra6c4]} 13. Qb3 Bxc4 14. Qxc4 Nd7 $11) 13. a4 {[%cal Ba2a4,Ba4b5][%mdl 32]} Ba6 {Weiß hat minimalen Vorteil.} 14. Nb5 Bxb5 (14... Nf6 $14) 15. axb5 $16 Qc7 16. e4 $146 {[%cal Be2e4,Be4e5][%mdl 32]} ({Vorgänger:} 16. Qb3 Bf6 17. f4 Rfb8 18. Ra6 Rb7 19. Rfa1 {1-0 (30) Slipak,S (2493)-Giampa,A (2201) Buenos Aires 2002}) 16... Bf6 (16... Ne5 $14 17. Nxe5 dxe5) 17. f4 $1 {[%cal Bf2f4,Bf4e5][%mdl 32]} Bd4+ 18. Kh1 Rfe8 {[#]} (18... a5 $16 {ist wohl besser.}) 19. Qc2 (19. e5 $1 $18 {[%mdl 512]}) 19... Nf6 $2 {[#]} (19... a5 $16 {kämpft weiter.}) 20. e5 $1 $18 {[%mdl 512]} dxe5 21. d6 ({Weniger gut wäre} 21. fxe5 Bxe5 22. d6 Bxd6 $14) 21... Qd8 {und wenn ...e4 ginge, stände Schwarz gut.} 22. fxe5 ({Schwächer ist} 22. Nxe5 Qxd6 23. Bxa8 Rxa8 $16) 22... Ng4 $2 (22... Bxe5 23. Bxa8 Qxa8+ 24. Qg2 Qb8 25. Nxe5 Rxe5) 23. Bxa8 Qxa8+ 24. Qg2 Qd8 (24... Qxg2+ $142 25. Kxg2 Nxe5) 25. Rxa7 Nxe5 26. Nxe5 Bxe5 27. Qd5 Bxd6 28. Qxf7+ {Precision: Weiß = 61%, Schwarz =  9%.} 1-0

[Event "5th Nebesna Sotnya Blitz 2018"]
[Site "Lutsk"]
[Date "2018.02.16"]
[Round "13"]
[White "Golubka, Petro"]
[Black "Bernadskiy, Vitaliy"]
[Result "0-1"]
[WhiteElo "2503"]
[BlackElo "2588"]
[Annotator "TA"]
[PlyCount "84"]
[EventDate "2018.??.??"]
[EventType "swiss"]
[EventCountry "UKR"]
[SourceTitle "playchess.com"]
[Source "ChessBase"]
[SourceQuality "1"]

{[%evp 14,84,33,6,25,27,24,-17,17,17,6,10,25,-71,-21,-29,-32,-29,-34,-26,0,-7,40,20,46,35,33,-681,39,35,55,51,41,41,50,8,19,-81,-76,-237,-83,-68,-84,-76,-27,-44,-8,-72,-78,-114,-103,-250,-262,-294,-294,-293,-273,-245,-201,-350,-349,-593,-579,-6590,-11834,-6606,-6498,-6416,-6406,-6087,-6087,-5501,-5401]} 1. e4 e5 2. Nf3 Nc6 3. Bb5 a6 4. Ba4 d6 5. c3 Bd7 6. d4 Nge7 7. h4 {C75: Spanische Partie (Moderne Steinitz-Verteidigung)} (7. Bb3 h6 8. Nbd2 Ng6 9. Nf1 Nh4 10. g3 Ng2+ 11. Ke2 Bh3 12. dxe5 dxe5 13. Qxd8+ Rxd8 14. Ng1 Be6 15. Bxe6 fxe6 16. h4 {1-0 (16) Grischuk,A (2750)-Rapport,R (2698) chess.com INT 2017}) 7... h6 8. h5 {LiveBook: 6 Partien} exd4 9. cxd4 {Weiß hat minimalen Vorteil.} d5 10. e5 $146 ({Vorgänger:} 10. exd5 Nxd5 11. Nc3 Bb4 12. Bd2 Bxc3 13. bxc3 O-O 14. Nh4 Re8+ {0-1 (28) Van Delft,M (2404)-Slobodjan,R (2525) Germany 2007}) 10... Nc8 11. Nc3 Nb6 12. Bxc6 bxc6 13. Nh4 (13. Qc2 $11) 13... c5 14. dxc5 Bxc5 15. Nxd5 Ba4 16. b3 {[#] Droht Sxb6 und aus.} Bb5 17. Be3 Bxe3 18. Nxe3 {Shf5 ist eine echte Drohung.} Qe7 19. Qd4 {Droht stark Shf5.} Rd8 20. Qe4 $2 {[%mdl 8192]} (20. Nhf5 $14 Rxd4 21. Nxe7) 20... Nd7 $2 (20... Qc5 $19 {[%cal Rc5c3]} 21. f3 Rd4) 21. O-O-O {[#] Und weiter mit Sd5 wäre nett.} (21. Nhf5 {seems wilder.} Qc5 22. f4 Qc3+ 23. Kf2 Bd3 24. Qd4) 21... Qxe5 22. Qxe5+ Nxe5 23. Rxd8+ Kxd8 24. Nhf5 Nd3+ 25. Kb1 (25. Kd2 $11 {hält das Gleichgewicht.}) 25... Nxf2 $17 26. Rc1 $2 (26. Rh4 $17 {ist wohl besser.}) 26... g6 $2 (26... Bd3+ $19 {bietet bessere Gewinnchancen.} 27. Ka1 Re8) 27. hxg6 fxg6 28. Nd4 Re8 29. Nd5 Nd3 30. Rd1 (30. Rc3 $11 {bleibt in der Remisbreite.} Re1+ 31. Kc2 Rc1+ 32. Kd2 Rxc3 33. Kxc3) 30... Re1 31. Rxe1 Nxe1 {[%mdl 4096] Endspiel KLS-KSS} 32. Ne6+ (32. Nxb5 $17 axb5 33. g3) 32... Kd7 $19 33. Nf8+ Kd6 34. Ne3 Bd3+ 35. Kc1 Ke7 36. Nh7 (36. Kd2 $142) 36... Be4 37. g4 $2 (37. Ng4 h5 38. Ngf6 Bxg2 39. Kd2 Nf3+ 40. Ke3) 37... g5 {Schwarz steht klar auf Gewinn.} 38. Nf5+ Bxf5 39. gxf5 Kf7 40. Kd2 Nf3+ 41. Ke3 Nh4 42. Ke4 Kg7 {Precision: Weiß = 19%, Schwarz = 42%.} 0-1

[Event "5th Nebesna Sotnya Blitz 2018"]
[Site "Lutsk"]
[Date "2018.02.16"]
[Round "13"]
[White "Matviishen, Viktor"]
[Black "Razin, Vadim"]
[Result "0-1"]
[WhiteElo "2439"]
[BlackElo "2379"]
[Annotator "TA"]
[PlyCount "66"]
[EventDate "2018.??.??"]
[EventType "swiss"]
[EventCountry "UKR"]
[SourceTitle "playchess.com"]
[Source "ChessBase"]
[SourceQuality "1"]

{[%evp 15,66,33,70,20,39,24,29,0,37,35,25,10,33,8,49,42,65,41,127,104,123,16,150,104,123,-225,-231,-228,-237,-225,-193,-491,-489,-981,-961,-947,-892,-1713,-1700,-1713,-1625,-1561,-1447,-29983,-29984,-29982,-2653,-29990,-29991,-29993,-29994,-29996,-29994]} 1. d4 e6 2. c4 d5 3. Nc3 f5 4. Nf3 Nf6 5. g3 Be7 6. Bg2 O-O 7. O-O c6 8. b3 Nbd7 9. a4 {A95: Classical Dutch: Classical Stonewall: 7 Nc3 c6} (9. Ng5 $5 {[%cal Rg5e6]} Nb8 10. Bb2 $14) (9. Bb2 Qe8 10. Qc1 Ne4 11. Ne5 g5 12. Nxe4 fxe4 13. f3 Nxe5 14. dxe5 exf3 15. exf3 Bd7 16. Ba3 Rf7 {1-0 (48) Quiroga,F (2239)-Longoni,D (2185) Villa Martelli 2017}) 9... Ne4 10. Qc2 a5 11. Ba3 {White has an edge.} g5 $146 ({Predecessor:} 11... Ndf6 12. Nd1 Bxa3 13. Rxa3 Qe7 14. Ra2 Bd7 15. Nb2 g5 16. Nd3 Qg7 17. Nfe5 Nd6 {1-0 (38) Schramenko,A (2115)-Linke,K (1905) Hassloch 1999}) 12. Bxe7 Qxe7 13. Ne1 Qg7 14. e3 g4 15. Nd3 h5 16. Ne2 h4 ({Black should play} 16... Qh6 $14) 17. Nef4 Qh6 18. Rfe1 (18. gxh4 $16 {aiming for f3.} b6 19. h5) 18... Ng5 (18... Rf7 $11) 19. cxd5 exd5 {[#]} 20. Nxd5 $2 {[%mdl 8192]} (20. gxh4 $1 $16 {keeps the pressure on.} Ne6 21. Nxe6 Qxe6 22. f3) 20... cxd5 $19 21. Bxd5+ Kh8 {[%cal Bg8h8,Bh8h7,Bh7g6][%mdl 32]} 22. Nf4 Nf6 23. Qc5 $2 (23. Bg2 {was worth a try.}) 23... Nxd5 24. Ng6+ (24. Qxd5 $142 Nf3+ 25. Kg2) 24... Qxg6 25. Qxf8+ Kh7 26. Rec1 Qe6 27. Qd8 Nf3+ 28. Kf1 b6 {[#] ...Ba6+ is the strong threat.} 29. Rc7+ Nxc7 30. Qxc7+ Kg6 31. Rc1 Ba6+ {Black mates.} 32. Kg2 Rc8 33. Rc6 Qxc6 {Precision: White = 18%, Black = 54%.} 0-1

[Event "5th Nebesna Sotnya Blitz 2018"]
[Site "Lutsk"]
[Date "2018.02.16"]
[Round "13"]
[White "Budnikov, Oleg"]
[Black "Larkin, Vladislav"]
[Result "1-0"]
[WhiteElo "2422"]
[BlackElo "2189"]
[Annotator "TA"]
[PlyCount "119"]
[EventDate "2018.??.??"]
[EventType "swiss"]
[EventCountry "UKR"]
[SourceTitle "playchess.com"]
[Source "ChessBase"]
[SourceQuality "1"]

{[%evp 20,119,20,30,60,39,202,37,64,64,83,72,76,76,84,99,100,89,145,122,139,136,135,132,209,157,186,174,270,288,250,63,91,79,70,39,44,48,85,50,47,37,28,28,77,56,74,60,119,103,120,37,44,43,43,0,0,-11,89,0,74,20,195,115,111,100,117,79,144,142,126,131,143,143,143,143,151,83,85,-390,17,22,106,113,143,127,127,10,257,231,223,103,120,114,108,108,1114,950,29983,29984,29984,29985]} 1. e4 e6 2. d4 d5 3. Nd2 Nf6 4. e5 Nfd7 5. c3 c5 6. f4 Nc6 7. Ndf3 f6 8. g3 {C05: French Tarrasch: 3...Nf6 4 e5 Nfd7, 5 f4 and 5 Bd3 sidelines} cxd4 9. cxd4 Bb4+ 10. Kf2 {[%cal Be1f2,Bf2g2,Bg2h1][%mdl 32]} O-O (10... fxe5 11. fxe5 O-O 12. Kg2 Rf7 13. Bd3 Nf8 14. Ng5 Re7 15. Qh5 h6 16. N5f3 Bd7 17. Ne2 Be8 {1-0 (25) Negi,P (2621)-Van Dongen,C (2380) Cappelle-la-Grande 2010}) 11. Kg2 {LiveBook: 6 Games} a6 12. Bd3 b5 $2 (12... f5 $14) 13. Ne2 $2 (13. Qc2 $18 Bb7 14. a3 (14. Bxh7+ Kh8 $16)) 13... f5 14. Rg1 $146 ({Predecessor:} 14. h3 g6 15. g4 Ra7 16. Be3 Nb6 {½-½ (119) Vajda,A (2385)-Kincs,I (2220) Zalakaros 1997}) 14... Kh8 15. Kh1 Nb6 16. g4 Qe8 17. gxf5 exf5 18. Qf1 Qh5 (18... Be7 $142) 19. Rg3 $16 (19. Qg2 $6 g6 $14) 19... Be7 20. Qg2 Qf7 21. b3 Nd8 (21... Nb4 $16 {keeps fighting.}) 22. Bd2 Ne6 23. Rg1 Bd7 (23... Bb7 {might work better.} 24. Qh3 Nc4 25. bxc4 dxc4) 24. Ba5 $18 Nc8 25. Rh3 $2 (25. Bxf5 $1 $18 Qxf5 26. Rxg7) 25... Na7 $14 26. Bd2 Nc6 27. Be3 Nb4 28. Bb1 a5 29. Ng3 g6 30. Ne2 {aiming for Qxg6.} Rg8 31. Rg3 Nc6 32. Nc3 Nc7 33. Bd3 b4 (33... Rab8 $14) 34. Na4 $1 $16 {[%cal Ra4b6]} Rab8 35. Rc1 (35. Nc5 $16 Bxc5 36. Ng5 (36. dxc5 Ne6 $14)) 35... Ne6 $14 36. Qd2 Ncd8 37. Nc5 (37. Rgg1 $14) 37... Bxc5 $11 38. dxc5 Nc6 (38... d4 $11 39. Bxd4 Nxd4 40. Nxd4 Qd5+ 41. Nf3 Ne6) 39. Rgg1 (39. Bf2 $16) 39... Qf8 (39... d4 $11 40. Bf2 Ne7) 40. Be2 (40. Bf2 $16) 40... Qh6 $2 (40... d4 $1 $11 {and Black stays safe.}) 41. Ng5 $36 {[%mdl 2048] White is really pushing.} (41. Qxd5 $18 Rbd8 42. Qc4) 41... Nxg5 42. fxg5 Qg7 43. Qxd5 Nxe5 (43... Qxe5 $142 44. Qxe5+ Nxe5) 44. c6 $16 Bxc6 45. Rxc6 Nxc6 46. Qxc6 {Black must now prevent Rd1.} Rge8 47. Bf4 Rbc8 {[%cal Bb8c8,Bc8c3,Bc3c2][%mdl 32]} 48. Qf3 (48. Qa6 $142 $1) 48... Rc3 49. Qf2 $2 {[%mdl 8192]} (49. Qf1 $1 $16 {keeps the pressure on.}) 49... Qb7+ $2 (49... Rc2 $19 50. Be3 Qb7+ 51. Rg2 Qe4 52. Bd4+ Kg8 53. Bc4+ Rxc4 $1 {[%mdl 512]} 54. bxc4 Rd8) 50. Qg2 $11 Qxg2+ (50... Qe4 $1 $11 {keeps the balance.} 51. Bb5 Qxg2+ 52. Kxg2 Rc2+ 53. Kh1 Rd8) 51. Rxg2 $16 Rc2 {[#]} 52. Bf1 $1 Rec8 53. h4 ({White should play} 53. Bd3 $16 Rxg2 54. Kxg2) 53... h6 $2 (53... Rxg2 $11 54. Be5+ (54. Bxg2 Rc2 $11) 54... Kg8 55. Kxg2 Rc2+ 56. Kf3 Rxa2) 54. gxh6 $18 Kh7 55. h5 (55. Bd3 $18 {is more deadly.} Rxg2 56. Kxg2) 55... Rxg2 $16 56. Bxg2 ({Don't play} 56. Kxg2 $6 g5 $11) 56... gxh5 57. Bd5 Rc2 $2 {[%mdl 8192]} (57... Kg6 $16) 58. Be6 $18 Rf2 59. Bxf5+ Kg8 60. h7+ {Precision: White = 43%, Black = 22%.} 1-0